[Event "AUS-ch Minor"]
[Site "Cammeray"]
[Date "2013.01.11"]
[Round "9"]
[White "Antony, Andrew"]
[Black "Gardiner Garden, Aelfric"]
[Result "0-1"]
[WhiteElo "1520"]
[BlackElo "1311"]
[PlyCount "36"]
[EventDate "2013.01.02"]
[EventType "swiss"]
[EventRounds "11"]
[EventCountry "AUS"]
[SourceTitle "EXT 2022"]
[Source "ChessBase"]
[SourceDate "2021.10.06"]
[SourceVersion "1"]
[SourceVersionDate "2021.10.06"]
[SourceQuality "1"]

1. e4 Nf6 2. e5 Nd5 3. d4 d6 4. f4 dxe5 5. fxe5 c5 6. c4 Nb4 7. d5 Bf5 8. Na3 e6 9. Qa4+ Nd7 10. Nf3 exd5 11. Bg5 Be7 12. Bxe7 Qxe7 13. 0-0-0 Nxa2+ 14. Kd2 0-0 15. cxd5 Nxe5 16. Qb3 Nxf3+ 17. gxf3 Rfe8 18. Rg1 Qe5 0-1

[Event "AUS-ch Minor"]
[Site "Cammeray"]
[Date "2013.01.10"]
[Round "8"]
[White "Edwards, Greig"]
[Black "Antony, Andrew"]
[Result "1-0"]
[WhiteElo "1429"]
[BlackElo "1520"]
[PlyCount "115"]
[EventDate "2013.01.02"]
[EventType "swiss"]
[EventRounds "11"]
[EventCountry "AUS"]
[SourceTitle "EXT 2022"]
[Source "ChessBase"]
[SourceDate "2021.10.06"]
[SourceVersion "1"]
[SourceVersionDate "2021.10.06"]
[SourceQuality "1"]

1. e4 e5 2. Nf3 Nc6 3. Bb5 a6 4. Ba4 Nf6 5. 0-0 b5 6. Bb3 d6 7. Re1 Be7 8. c3 0-0 9. d4 Bg4 10. Bg5 Bxf3 11. gxf3 Na5 12. Bc2 Nc4 13. b3 Nb6 14. f4 Nbd7 15. Qd3 h6 16. Bxf6 Bxf6 17. fxe5 dxe5 18. Nd2 c5 19. dxc5 Nxc5 20. Qxd8 Rfxd8 21. Rad1 Nd3 22. Re3 Nb2 23. Rb1 Rxd2 24. Rxb2 Rad8 25. Kf1 Bg5 26. Re2 Bf4 27. h3 R8d6 28. c4 Rxe2 29. Kxe2 Bc1 30. Rb1 Rd2+ 31. Ke1 Rxc2 32. Kd1 Rxf2 33. Rxc1 Rf1+ 34. Kd2 Rxc1 35. Kxc1 bxc4 36. bxc4 Kf8 37. Kc2 Ke7 38. Kc3 Kd6 39. Kb4 f5 40. exf5 e4 41. Kc3 Kc5 42. h4 e3 43. Kd3 e2 44. Kxe2 Kxc4 45. Ke3 a5 46. Ke4 a4 47. Ke5 a3 48. Ke6 Kc3 49. Kf7 Kb2 50. Kxg7 Kxa2 51. f6 Kb3 52. f7 a2 53. f8Q a1Q+ 54. Kxh6 Qa6+ 55. Kh7 Qd3+ 56. Kh6 Qa6+ 57. Kg7 Qa7+ 58. Qf7+ 1-0